[Event "Asia zt 3.2"]
[Site "Dhaka"]
[Date "2023.05.04"]
[Round "3"]
[White "Md Abu, Hanif"]
[Black "Afnan, Zarif Haque"]
[Result "1-0"]
[WhiteElo "2064"]
[BlackElo "1832"]
[PlyCount "75"]
[EventDate "2023.05.02"]
[EventType "swiss"]
[EventRounds "9"]
[EventCountry "BAN"]
[SourceTitle "CBM 214 Extra"]
[Source "ChessBase"]
[SourceDate "2023.07.31"]
[SourceVersion "1"]
[SourceVersionDate "2023.07.31"]
[SourceQuality "1"]

1. Nf3 d5 2. g3 Nf6 3. Bg2 g6 4. d4 Bg7 5. c3 0-0 6. Bf4 c6 7. 0-0 Nbd7 8. Re1 Re8 9. Nbd2 Nh5 10. Bg5 h6 11. Be3 Nhf6 12. Nf1 Qb6 13. Qc1 Kh7 14. h3 Qd8 15. Ne5 Nxe5 16. dxe5 Nd7 17. f4 f6 18. exf6 Nxf6 19. Bd4 Nd7 20. Qd2 e5 21. fxe5 Bxe5 22. e4 Nf6 23. Bxe5 Rxe5 24. exd5 Rxe1 25. Rxe1 cxd5 26. Qd4 Bf5 27. Nd2 Ne4 28. g4 Nxd2 29. gxf5 Qg5 30. fxg6+ Kxg6 31. Qxd5 Rd8 32. Re6+ Kg7 33. Qxg5+ hxg5 34. Re7+ Kf6 35. Rxb7 Ke5 36. Rb5+ Kf4 37. Kh2 Nc4 38. Rb4 1-0

[Event "BAN-chT2"]
[Site "Dhaka"]
[Date "2022.07.18"]
[Round "1.1"]
[White "Afnan, Zarif Haque"]
[Black "Islam, MM Zahirul"]
[Result "1-0"]
[WhiteElo "1516"]
[BlackElo "1809"]
[PlyCount "119"]
[EventDate "2022.07.18"]
[EventType "team-swiss"]
[EventRounds "9"]
[EventCountry "BAN"]
[SourceTitle "EXT 2023"]
[Source "ChessBase"]
[SourceDate "2022.10.05"]
[SourceVersion "1"]
[SourceVersionDate "2022.10.05"]
[SourceQuality "1"]
[WhiteTeam "BD Chess In School"]
[BlackTeam "Shofi Uddin Shah Smrity Shansod"]
[WhiteTeamCountry "BAN"]
[BlackTeamCountry "BAN"]

1. c4 e6 2. g3 d5 3. Bg2 Nf6 4. Nf3 c6 5. 0-0 Be7 6. b3 0-0 7. e3 Nbd7 8. Bb2 Qb6 9. Qc2 Re8 10. d4 Ne4 11. Ne5 f5 12. Nxd7 Bxd7 13. Nd2 Rf8 14. Nxe4 fxe4 15. f3 exf3 16. c5 Qc7 17. Rxf3 Rxf3 18. Bxf3 Rf8 19. Rf1 Bg5 20. Qd3 Be8 21. b4 Bg6 22. Qe2 a6 23. Kg2 Qe7 24. a3 Bh6 25. h4 Be8 26. e4 Qd8 27. e5 Qe7 28. Bc1 Bxc1 29. Rxc1 Bg6 30. Rf1 h6 31. a4 Bf5 32. Bg4 g6 33. Bxf5 gxf5 34. b5 axb5 35. axb5 Ra8 36. bxc6 bxc6 37. Rb1 Qg7 38. Rb6 Ra3 39. Qf2 Qa7 40. Rxc6 Qa4 41. Rc8+ Kg7 42. Rc7+ Kf8 43. Qf4 Kg8 44. Qxh6 Qc2+ 45. Kh3 Rxg3+ 46. Kxg3 Qd3+ 47. Kf2 Qxd4+ 48. Qe3 Qb2+ 49. Kg3 f4+ 50. Kxf4 Kf8 51. Kf3 Ke8 52. Qf4 Qb3+ 53. Kg4 Qd1+ 54. Kg5 Qg1+ 55. Kh6 Kd8 56. Qg5+ Qxg5+ 57. hxg5 Kxc7 58. g6 Kc6 59. g7 Kxc5 60. g8Q 1-0